Možnosti využití principů zahradní terapie pro lidi s mentálním postižením : bakalářská práce / Zuzana Janků ; vedoucí práce Eliška Hudcová
Diplomová práce „Možnosti využití principů zahradní terapie pro lidi s mentálním postižením“ zkoumá, jakou roli má zahrada v životě lidí s mentálním postižením. Cílem práce je pomocí polo-strukturovaných rozhovorů zjistit, jak se využívá zahrada při péči o klienty s mentálním postižením v Domově svaté Rodiny. Teoretická část práce se nejprve zamýšlí nad vztahem člověka k přírodě. Následuje definice zahradní terapie a jejího využití pro různé cílové skupiny. Práce pokračuje obsáhlým vymezením pojmu mentální postižení a popisuje také specifika komunikace s lidmi s mentálním postižením. V praktické části je provedena analýza polo-strukturovaných rozhovorů, které proběhly s pracovníky a klientem Domova svaté Rodiny. Skrze rozhovory autorka zjišťovala, jaký vztah mají klienti a pracovníci k zahradě a jak ji ve svém životě využívají.
Record details
- Physical Description: 59 stran : 4 přílohy ; 31 cm
Content descriptions
| Dissertation Note: | Bakalářská práce (Bc.), Univerzita Karlova, ETF, 2019 |
| Bibliography, etc. Note: | Obsahuje bibliografii |
Search for related items by subject
| Genre: | bakalářská práce |
Available copies
- 1 of 1 copy available at Common Catalog SPOK.
Holds
- 0 current holds with 1 total copy.
Show Only Available Copies
| Location | Call Number / Copy Notes | Barcode | Shelving Location | Status | Due Date |
|---|---|---|---|---|---|
| Jabok Library | ABP-2519 | 424480046419 | Absolventské práce | Reference | - |
Electronic resources
Version of Resource: Plný text
| LDR | ntm a22 i 4500 | ||
|---|---|---|---|
| 001 | 57861 | ||
| 003 | CZ-PrJAB | ||
| 005 | 20240912130800.0 | ||
| 007 | ta | ||
| 008 | 240912s2019 xr e 000 0 cze | ||
| 040 | . | ‡aABG312 ‡bcze ‡erda | |
| 041 | 0 | . | ‡acze ‡beng |
| 072 | 7. | ‡a615.8 ‡xFyzioterapie. Psychoterapie. Alternativní lékařství ‡2Konspekt ‡914 | |
| 100 | 1 | . | ‡aJanků, Zuzana ‡4aut |
| 245 | 1 | 0. | ‡aMožnosti využití principů zahradní terapie pro lidi s mentálním postižením : ‡bbakalářská práce / ‡cZuzana Janků ; vedoucí práce Eliška Hudcová |
| 264 | 0. | ‡c2019 | |
| 300 | . | ‡a59 stran : ‡b4 přílohy ; ‡c31 cm | |
| 336 | . | ‡atext ‡btxt ‡2rdacontent | |
| 337 | . | ‡abez média ‡bn ‡2rdamedia | |
| 338 | . | ‡asvazek ‡bnc ‡2rdacarrier | |
| 502 | . | ‡aBakalářská práce (Bc.), Univerzita Karlova, ETF, 2019 | |
| 504 | . | ‡aObsahuje bibliografii | |
| 520 | 3 | . | ‡aDiplomová práce „Možnosti využití principů zahradní terapie pro lidi s mentálním postižením“ zkoumá, jakou roli má zahrada v životě lidí s mentálním postižením. Cílem práce je pomocí polo-strukturovaných rozhovorů zjistit, jak se využívá zahrada při péči o klienty s mentálním postižením v Domově svaté Rodiny. Teoretická část práce se nejprve zamýšlí nad vztahem člověka k přírodě. Následuje definice zahradní terapie a jejího využití pro různé cílové skupiny. Práce pokračuje obsáhlým vymezením pojmu mentální postižení a popisuje také specifika komunikace s lidmi s mentálním postižením. V praktické části je provedena analýza polo-strukturovaných rozhovorů, které proběhly s pracovníky a klientem Domova svaté Rodiny. Skrze rozhovory autorka zjišťovala, jaký vztah mají klienti a pracovníci k zahradě a jak ji ve svém životě využívají. |
| 653 | 0 | . | ‡amentální postižení ‡aterapie ‡azahrada |
| 653 | 0 | . | ‡azahradní terapie ‡amentální postižení |
| 655 | 7. | ‡abakalářská práce ‡7ph114112 ‡2czenas | |
| 700 | 1 | . | ‡aHudcová, Eliška ‡4ths |
| 710 | 2 | . | ‡aUniverzita Karlova. Evangelická teologická fakulta |
| 856 | 4 | 1. | ‡uhttps://is.jabok.cz/th/m0crz/janku.pdf ‡yPlný text |
| 910 | . | ‡aABG312 | |
| 901 | . | ‡a57861 ‡bAUTOGEN ‡c57861 ‡tbiblio | |